[Event "Tournoi n27180"]
[Site "www.echecsemail.com"]
[Date "2026.02.04"]
[Round "1"]
[White "Ponaparte"]
[Black "Pessoa"]
[WhiteElo "2150"]
[BlackElo "2170"]
[Result "0-1"]
1.e4 e5
2.Ng1f3 Nb8c6
3.Bf1b5 a6
4.Bb5xc6 dxc6
5.O-O Ng8f6
6.d4 exd4
7.Nf3xd4 Bf8c5
8.c3 O-O
9.f3 Rf8e8
10.Bc1g5 h6
11.Bg5h4 g5
12.Bh4f2 Qd8e7
13.Qd1c1 Nf6h7
14.b4 Bc5d6
15.Nd4b3 Bc8e6
16.Nb3c5 Be6c4
17.Rf1e1 Qe7e5
18.Bf2g3 Bd6xc5
19.Kh1 Qe5e7
20.bxc5 Ra8d8
21.Nb1a3 Bc4e6
22.Qc1e3 Nh7f6
23.Bg3e5 Rd8d7
24.Be5d4 Kh7
25.c4 Re8d8
26.Ra1d1 b5
27.Qe3c3 b4
28.Qc3a1 Rd7xd4
29.Rd1xd4 Rd8xd4
30.Qa1xd4 bxa3
31.Qd4e5 Nf6d7
32.Qe5xc7 Qe7xc5
33.Qc7g3 Qc5xc4
34.Qg3f2 Qc4xa2
35.Qf2xa2 Be6xa2
36.Re1a1 Ba2c4
37.Ra1xa3 Kg6
38.Kg1 Kf6
39.Kf2 Ke5
40.Ke3 Bc4b5
41.g3 Nd7b6
42.f4 gxf4
43.gxf4 Kd6
44.Kd4 c5
45.Kc3 Nb6a4
46.Kd2 c4
47.Ra3h3 Na4c5
48.Rh3xh6 Ke7
49.e5 Nc5e4
50.Kc1 Ne4f2
51.Rh6h4 Ke6
52.Rh4h6 Kf5
 { temps }0-1

[Event "Défi"]
[Site "www.echecsemail.com"]
[Date "2026.02.04"]
[Round "1"]
[White "Emmanuel"]
[Black "Sarkus"]
[WhiteElo "1950"]
[BlackElo "2050"]
[Result "0-1"]
1.b3 e5
2.Bc1b2 Nb8c6
3.e3 d5
4.Bf1b5 Bf8d6
5.f4 f6
6.Bb5xc6 bxc6
7.fxe5 fxe5
8.Ng1f3 Bc8g4
9.O-O e4
10.Bb2xg7 exf3
11.gxf3 Qd8g5
12.fxg4 Qg5xg7
13.d4 O-O-O
14.Qd1e2 h5
15.h3 Ng8f6
16.Qe2a6 Kb8
17.Qa6xc6 hxg4
18.Qc6b5 Kc8
19.Qb5a6 Kd7
20.Qa6b5 Ke7
21.h4 Nf6e4
 { temps }0-1

[Event "Eq:Les Gens du Sud-modesty :"]
[Site "www.echecsemail.com"]
[Date "2026.02.04"]
[Round "1"]
[White "Nuageblanc"]
[Black "Fresiers"]
[WhiteElo "1600"]
[BlackElo "2220"]
[Result "0-1"]
1.e4 c6
2.d4 d5
3.e5 Bc8f5
4.Bf1d3 Bf5xd3
5.Qd1xd3 e6
6.Ng1f3 c5
7.c3 Nb8c6
8.Bc1e3 Qd8b6
9.Qd3d2 cxd4
10.cxd4 Bf8b4
11.Nb1c3 Nc6a5
12.O-O Ng8e7
13.b3 O-O
14.Ra1c1 Na5c6
15.Qd2b2 Ne7f5
16.Nc3e2 a5
17.Rf1d1 a4
18.a3 Bb4e7
19.b4 Nc6a5
20.Qb2c2 Na5c4
21.Qc2c3 Rf8c8
22.Qc3d3 Nc4b2
23.Qd3d2 Nb2xd1
24.Qd2xd1 Rc8c6
 { temps }0-1

[Event "pour le plaisir  NOVEMBRE 2025"]
[Site "www.echecsemail.com"]
[Date "2026.02.04"]
[Round "1"]
[White "Cramsnellac"]
[Black "Janolapin"]
[WhiteElo "1740"]
[BlackElo "1680"]
[Result "0-1"]
1.Ng1f3 d6
2.e4 e5
3.d3 Bf8e7
4.Bf1e2 Ng8f6
5.Bc1g5 O-O
6.O-O b6
7.Nb1d2 Bc8b7
8.h3 Nb8d7
9.Nf3h2 h6
10.Bg5xf6 Nd7xf6
11.Nh2g4 Nf6xg4
12.Be2xg4 Bb7c8
13.Bg4xc8 Ra8xc8
14.Nd2f3 f5
15.exf5 Rf8xf5
16.g3 Qd8d7
17.Kg2 Rc8f8
18.Nf3h2 Qd7c6
19.Kg1 Qc6c5
20.Qd1d2 Be7g5
21.Qd2e2 Qc5b5
22.b3 Qb5d7
23.c3 a5
24.Ra1d1 c5
25.f3 Rf5f7
26.Qe2f2 Qd7xh3
27.Qf2g2 Qh3xg2
28.Kxg2 Bg5d8
 { temps }0-1

[Event "Coupe Niveau 5"]
[Site "www.echecsemail.com"]
[Date "2026.02.04"]
[Round "1"]
[White "Djayphil"]
[Black "Guig47"]
[WhiteElo "2010"]
[BlackElo "2210"]
[Result "1/2-1/2"]
1.e4 e5
2.Ng1f3 Nb8c6
3.d4 exd4
4.Bf1c4 Ng8f6
5.O-O d6
6.Nf3xd4 Bf8e7
7.Nd4xc6 bxc6
8.Nb1c3 O-O
9.h3 Bc8e6
10.Bc4b3 Be6xb3
11.axb3 d5
12.exd5 Nf6xd5
13.Nc3xd5 Qd8xd5
14.Qd1xd5 cxd5
15.c3 Rf8d8
16.Bc1e3 a6
17.Ra1a5 c6
18.b4 Be7f6
19.Rf1a1 d4
20.cxd4 Bf6xd4
21.Be3xd4 Rd8xd4
22.Ra5xa6 Ra8xa6
23.Ra1xa6 { nul }1/2-1/2

[Event "Tournoi n27394"]
[Site "www.echecsemail.com"]
[Date "2026.02.04"]
[Round "1"]
[White "Zadkine1"]
[Black "Jipepe"]
[WhiteElo "1700"]
[BlackElo "1430"]
[Result "0-1"]
1.e4 e5
2.Ng1f3 d6
3.Bf1c4 Bc8e6
4.Bc4xe6 fxe6
5.O-O Ng8f6
6.d3 Nb8c6
7.Nb1c3 Qd8d7
8.Nf3d2 O-O-O
9.Nd2b3 d5
10.Rf1e1 d4
11.Nc3e2 Qd7f7
12.c3 Bf8e7
13.cxd4 Nc6xd4
14.Nb3xd4 exd4
15.Ne2xd4 Rd8xd4
16.Bc1f4 Be7d6
17.Bf4xd6 cxd6
18.Ra1c1 Kb8
19.e5 dxe5
20.Re1xe5 Nf6g4
21.Re5e2 Rh8d8
22.Re2c2 Ng4e5
23.Qd1e1 Qf7f6
24.Qe1c3 Ne5c6
25.Qc3b3 Rd4xd3
26.Rc2c3 Nc6d4
27.Qb3c4 Nd4e2
28.Kf1 Ne2xc3
29.Rc1xc3 Rd3d1
30.Ke2 Rd8d2
31.Ke3 Qf6xf2
32.Ke4 Rd1e1
33.Qc4e2 Re1xe2
34.Rc3e3 Re2xe3
0-1

[Event "Transval"]
[Site "www.echecsemail.com"]
[Date "2026.02.04"]
[Round "1"]
[White "Karting"]
[Black "Turbo"]
[WhiteElo "1590"]
[BlackElo "1400"]
[Result "1-0"]
1.e4 e5
2.Bf1c4 Qd8h4
3.d3 Bf8c5
4.Qd1f3 Ng8f6
5.Bc1e3 d6
6.Nb1c3 O-O
7.Qf3g3 Qh4xg3
8.hxg3 Bc5xe3
9.fxe3 h6
10.Ng1f3 a6
11.a3 b5
12.Bc4a2 c5
13.Nc3d5 Nf6xd5
14.Ba2xd5 Ra8a7
15.Kd2 Kh8
16.Ra1f1 Bc8g4
17.Rh1h4 Bg4xf3
18.gxf3 g5
19.Rh4xh6 Kg7
20.Rf1h1 Nb8d7
21.Rh6h7 Kf6
22.Rh1h6 Ke7
23.Rh6e6 Kd8
24.Re6xd6 Kc7
25.Rd6c6 Kd8
26.f4 gxf4
27.exf4 c4
28.f5 f6
29.Bd5e6 Ra7c7
30.Rc6d6 Rf8e8
31.Be6xd7 Re8e7
32.Rh7h8 { abandon }1-0

[Event "Tournoi échelle division 1"]
[Site "www.echecsemail.com"]
[Date "2026.02.04"]
[Round "1"]
[White "Tahar"]
[Black "Bertelsen"]
[WhiteElo "1980"]
[BlackElo "1690"]
[Result "1-0"]
1.e4 e5
2.Ng1f3 d6
3.Bf1c4 h6
4.h3 Bf8e7
5.Nb1c3 Ng8f6
6.a4 c6
7.Bc4a2 O-O
8.d3 Bc8e6
9.Ba2xe6 fxe6
10.Nc3e2 Nb8d7
11.c3 Qd8e8
12.Qd1b3 Nd7c5
13.Qb3c2 Ra8d8
14.b4 Nc5d7
15.Bc1e3 a6
16.Qc2c1 b6
17.Ne2g3 c5
18.Qc1d2 Kh7
19.Qd2a2 Qe8f7
20.h4 d5
21.Be3g5 Kh8
22.Bg5d2 Be7d6
23.Qa2c2 d4
24.bxc5 bxc5
25.c4 Bd6c7
26.Qc2c1 Kh7
27.Nf3g1 Nf6h5
28.Ng1f3 Nh5f4
29.Bd2xf4 exf4
30.Ng3e2 e5
31.Ne2g1 Qf7g6
32.Rh1h2 Bc7a5
33.Ke2 Nd7f6
34.Nf3xe5 Qg6h5
35.Ne5f3 Qh5g6
36.Ng1h3 Nf6xe4
37.Kf1 Ne4c3
38.Qc1c2 Rd8e8
39.Ra1e1 Nc3e4
40.Re1xe4 Re8xe4
41.dxe4 Rf8e8
42.Nh3xf4 Qg6xe4
43.Nf4d3 Ba5c3
44.Rh2h3 Qe4f5
45.Nd3e1 Qf5xc2
46.Ne1xc2 d3
47.Nc2e3 d2
48.Ke2 Re8d8
49.Rh3h1 Rd8b8
50.Rh1d1 Rb8b2
51.Nf3xd2 { abandon }1-0

[Event "Jean 8"]
[Site "www.echecsemail.com"]
[Date "2026.02.04"]
[Round "1"]
[White "Turbo"]
[Black "Orosco"]
[WhiteElo "1390"]
[BlackElo "2220"]
[Result "0-1"]
1.d4 Ng8f6
2.Ng1f3 d5
3.e3 e6
4.a4 Nb8c6
5.Bf1d3 Bf8d6
6.Nf3e5 Bd6xe5
7.dxe5 Nc6xe5
8.f4 Ne5xd3
9.Qd1xd3 Nf6e4
10.O-O O-O
11.Nb1c3 f5
12.b3 b6
13.Rf1f3 Bc8a6
14.Qd3d4 c5
15.Qd4e5 Qd8f6
16.Qe5xf6 Ne4xf6
17.h3 d4
18.Nc3b5 Rf8c8
19.Nb5d6 Rc8d8
20.Nd6b5 Ba6xb5
21.axb5 d3
22.cxd3 Rd8xd3
23.Bc1b2 Rd3xb3
24.Bb2xf6 gxf6
25.e4 Rb3xb5
26.e5 fxe5
27.fxe5 c4
28.Ra1d1 Rb5xe5
29.Rd1c1 b5
30.Rc1f1 a5
31.g4 fxg4
32.hxg4 Re5e4
33.Rf3f7 Re4xg4
34.Kh2 b4
35.Rf7e7 a4
36.Rf1f7 a3
37.Rf7xh7 a2
38.Rh7g7 Rg4xg7
{ abandon }0-1

[Event "FARSCHWILLER"]
[Site "www.echecsemail.com"]
[Date "2026.02.04"]
[Round "1"]
[White "Mindthegap"]
[Black "4x4"]
[WhiteElo "1420"]
[BlackElo "1490"]
[Result "1-0"]
1.e4 e5
2.Ng1f3 Ng8f6
3.Nf3xe5 d6
4.Ne5f3 Nf6xe4
5.d4 d5
6.Bf1d3 Bf8e7
7.O-O O-O
8.c4 f5
9.cxd5 Qd8xd5
10.Nb1c3 Ne4xc3
11.bxc3 Nb8c6
12.Bd3c2 f4
13.Bc2b3 Qd5xb3
14.axb3 Bc8g4
15.b4 Bg4xf3
16.gxf3 Ra8d8
17.Qd1b3 Kh8
18.d5 Nc6e5
19.c4 b6
20.Rf1e1 Be7d6
21.Ra1xa7 c5
22.Qb3b2 Ne5d3
23.Qb2xg7 1-0

[Event "Défi( 10J+24H/c 10J Max )"]
[Site "www.echecsemail.com"]
[Date "2026.02.04"]
[Round "1"]
[White "Emmanuel"]
[Black "Jmarcboury"]
[WhiteElo "1960"]
[BlackElo "2220"]
[Result "0-1"]
1.f4 d5
2.b3 c5
3.Bc1b2 Ng8f6
4.e3 e6
5.Bf1b5 Nb8d7
6.Ng1f3 a6
7.Bb5xd7 Bc8xd7
8.O-O Bf8e7
9.Nf3e5 O-O
10.Qd1e1 Bd7e8
11.Rf1f3 Nf6d7
12.Rf3h3 Nd7xe5
13.Bb2xe5 d4
14.f5 f6
15.Qe1h4 h5
16.Be5f4 exf5
17.Qh4e1 g5
18.Bf4g3 dxe3
19.dxe3 f4
20.Nb1d2 fxg3
21.Rh3xg3 Be7d6
22.Rg3f3 g4
23.Rf3f5 Be8g6
24.Rf5f1 Bg6xc2
25.e4 Bc2d3
26.Rf1f5 Bd6e5
27.Ra1c1 Kg7
28.h3 Rf8h8
29.Qe1h4 Kg6
30.hxg4 Be5d4
31.Rf5f2 Bd4xf2
32.Kxf2 Qd8d4
33.Kf3 Qd4e5
34.Rc1h1 Qe5g5
35.gxh5 Qg5xh5
36.Qh4xh5 Rh8xh5
37.Rh1c1 b6
38.Ke3 Bd3b5
39.a4 Bb5c6
40.Nd2c4 Ra8b8
41.Nc4d6 Rb8d8
42.Nd6c4 Rd8d4
43.Nc4d2 Rd4xd2
44.Kxd2 Bc6xe4
45.Ke3 Be4xg2
46.Rc1g1 Rh5g5
47.Rg1d1 Rg5e5
48.Kf2 Bg2d5
49.Rd1d3 Re5f5
50.Ke1 Rf5g5
51.Rd3c3 Rg5g1
52.Kd2 Rg1b1
53.a5 Rb1xb3
54.axb6 Rb3xc3
55.Kxc3 a5
{ abandon }0-1

[Event "Jean 8"]
[Site "www.echecsemail.com"]
[Date "2026.02.04"]
[Round "1"]
[White "Turbo"]
[Black "Patau"]
[WhiteElo "1390"]
[BlackElo "1670"]
[Result "0-1"]
1.d4 d5
2.Ng1f3 Ng8f6
3.e3 e6
4.h3 c5
5.c4 cxd4
6.exd4 Bf8b4
7.Nb1c3 O-O
8.Bc1d2 Nb8c6
9.Bd2g5 h6
10.Bg5xf6 Qd8xf6
11.c5 Bc8d7
12.Bf1d3 Rf8e8
13.Bd3b1 e5
14.dxe5 Nc6xe5
15.Qd1xd5 Ne5xf3
16.Kd1 Bb4xc3
17.bxc3 Bd7a4
18.Bb1c2 Ra8d8
19.Qd5xd8 Re8xd8
{ abandon }0-1

[Event "Tournoi n27355"]
[Site "www.echecsemail.com"]
[Date "2026.02.04"]
[Round "1"]
[White "Leredoutable"]
[Black "Verson"]
[WhiteElo "1760"]
[BlackElo "1870"]
[Result "1/2-1/2"]
1.e4 e6
2.Ng1f3 d5
3.exd5 exd5
4.d4 Ng8f6
5.c4 Bf8e7
6.cxd5 Nf6xd5
7.Bf1c4 c6
8.Nb1c3 O-O
9.O-O Bc8g4
10.Bc1d2 Nd5f6
11.Bd2f4 Nb8d7
12.h3 Bg4h5
13.g4 Bh5g6
14.Nf3e5 Nd7b6
15.Bc4b3 Nf6d5
16.Qd1f3 Nd5xf4
17.Qf3xf4 Be7d6
18.Qf4f3 Qd8c7
19.Ra1e1 Rf8e8
20.Ne5xg6 hxg6
21.Nc3e4 Nb6d5
22.Ne4g5 Re8xe1
23.Rf1xe1 Ra8d8
24.Re1c1 Bd6f4
25.Bb3xd5 Bf4xc1
26.Bd5xf7 Kh8
27.Ng5e6 Qc7e7
28.Ne6xd8 Qe7xd8
29.Bf7xg6 Bc1xb2
30.Qf3e4 Bb2xd4
31.Qe4f4 Bd4f6
32.Kg2 Qd8d5
33.Bg6e4 Qd5d7
34.Kg3 Qd7e6
35.Qf4b8 Qe6g8
36.Qb8xb7 Qg8xa2
37.Be4g6 Bf6e5
38.Kf3 Qa2d5
39.Ke2 Qd5b5
40.Qb7xb5 cxb5
41.Bg6f7 g5
42.Kd3 a5
43.Kc2 Kg7
44.Bf7d5 Kf6
45.Kb3 Be5d4
46.f3 Ke5
47.Bd5c6 b4
48.Bc6e4 Kf4
49.Kc4 Bd4b6
50.Kb3 { nul }1/2-1/2

[Event "BERNARD MAS"]
[Site "www.echecsemail.com"]
[Date "2026.02.04"]
[Round "1"]
[White "Patau"]
[Black "Woluwe1975"]
[WhiteElo "1670"]
[BlackElo "1660"]
[Result "0-1"]
1.e4 e5
2.Ng1f3 Nb8c6
3.Nb1c3 d6
4.d4 exd4
5.Nf3xd4 Nc6xd4
6.Qd1xd4 Bc8e6
7.Bf1c4 c6
8.O-O Ng8f6
9.Bc4xe6 fxe6
10.e5 dxe5
11.Qd4xe5 Qd8e7
12.Bc1g5 h6
13.Bg5h4 O-O-O
14.Ra1d1 Rd8xd1
15.Rf1xd1 b6
16.Rd1d6 Qe7xd6
17.Qe5xd6 Bf8xd6
{ abandon }0-1

[Event "OAHU 2"]
[Site "www.echecsemail.com"]
[Date "2026.02.04"]
[Round "1"]
[White "Petitlulu64"]
[Black "Brettsinclair"]
[WhiteElo "1740"]
[BlackElo "1910"]
[Result "1-0"]
1.d4 g6
2.Ng1f3 f5
3.Nb1c3 Nb8c6
4.Bc1e3 Bf8g7
5.Nf3d2 Ng8f6
6.g3 d5
7.Nd2f3 Nf6g4
8.Be3g5 h6
9.Bg5f4 g5
10.Bf4d2 Nc6xd4
11.Nf3xd4 Bg7xd4
12.Bf1g2 c6
13.h3 Ng4xf2
14.Rh1f1 Nf2e4
15.e3 Ne4xg3
16.Rf1f3 Bd4e5
17.Nc3e2 Ng3e4
18.Ne2c3 g4
19.hxg4 fxg4
20.Nc3xe4 gxf3
21.Qd1xf3 Be5xb2
22.Ra1b1 Bb2g7
23.Ne4c5 Rh8f8
24.Qf3h5 Rf8f7
25.Rb1b4 d4
26.exd4 Qd8d5
27.Bg2xd5 cxd5
28.Nc5xb7 Bc8f5
29.Bd2xh6 Bg7f6
30.Bh6g5 Kf8
31.Bg5h6 Bf6g7
32.Bh6xg7 Kxg7
33.Rb4b3 Bf5g6
34.Qh5e5 Kg8
35.Qe5xd5 Ra8e8
36.Rb3g3 Kg7
37.Qd5e5 Rf7f6
38.Nb7c5 Kf7
39.Nc5d7 Rf6f5
40.Qe5c7 a5
41.Nd7e5 Rf5xe5
42.Qc7xe5 e6
43.Rg3f3 Bg6f5
44.d5 Kg6
45.Rf3xf5 { abandon }1-0

[Event "Défi"]
[Site "www.echecsemail.com"]
[Date "2026.02.04"]
[Round "1"]
[White "Intrigue"]
[Black "Payne42"]
[WhiteElo "1730"]
[BlackElo "1740"]
[Result "0-1"]
1.d4 e6
2.e4 d5
3.Nb1c3 Bf8b4
4.e5 Nb8d7
5.a3 Bb4a5
6.b4 Ba5b6
7.Ng1f3 Ng8e7
8.Bf1d3 Nd7f8
9.O-O Nf8g6
10.g3 O-O
11.Nf3g5 Ne7c6
12.Bd3xg6 fxg6
13.f4 Bb6xd4
14.Kg2 Bd4xc3
15.Ra1a2 h6
16.Ng5f3 g5
17.Bc1b2 Bc3xb2
18.Ra2xb2 gxf4
19.gxf4 Rf8xf4
20.c3 Qd8e8
21.b5 Qe8g6
22.Kh1 Rf4g4
23.bxc6 bxc6
24.Qd1d2 Bc8a6
25.Rf1g1 Rg4xg1
26.Nf3xg1 Ra8f8
27.Qd2g2 Qg6f5
28.Ng1h3 Ba6f1
29.Qg2g1 Bf1xh3
{ abandon }0-1

[Event "Défi"]
[Site "www.echecsemail.com"]
[Date "2026.02.04"]
[Round "1"]
[White "Killfish"]
[Black "Den"]
[WhiteElo "2029"]
[BlackElo "1890"]
[Result "1-0"]
1.g3 d5
2.Bf1g2 e5
3.e4 c6
4.d3 d4
5.Ng1f3 Bc8g4
6.O-O Bf8d6
7.c3 Ng8e7
8.cxd4 exd4
9.Qd1b3 Bg4xf3
10.Bg2xf3 Qd8d7
11.Rf1e1 O-O
12.e5 Bd6c5
13.Bc1f4 Ne7d5
14.Qb3c2 Nd5xf4
15.gxf4 Qd7f5
16.Qc2xc5 Qf5xd3
17.Bf3g2 b6
18.Qc5e7 Qd3f5
19.Re1e4 c5
20.Re4e1 Qf5g4
21.Kf1 Nb8d7
22.Bg2xa8 Rf8xa8
23.Nb1d2 d3
24.Re1e3 c4
25.Nd2xc4 Nd7c5
26.Nc4d2 Nc5e6
27.Re3xd3 h6
28.Qe7b4 Ne6xf4
29.Qb4e4 Qg4h3
30.Rd3xh3 { abandon }1-0

[Event "Coupe Niveau 4"]
[Site "www.echecsemail.com"]
[Date "2026.02.04"]
[Round "1"]
[White "Patau"]
[Black "Alain64"]
[WhiteElo "1710"]
[BlackElo "2080"]
[Result "0-1"]
1.e4 c5
2.Ng1f3 Nb8c6
3.d4 cxd4
4.Nf3xd4 d6
5.Bf1b5 Bc8d7
6.O-O Ng8f6
7.Nb1c3 g6
8.Bc1g5 Bf8g7
9.f4 Qd8b6
10.Bb5xc6 Bd7xc6
11.Kh1 O-O
12.Nd4xc6 bxc6
13.Nc3a4 Qb6c7
14.Qd1d3 h6
15.Bg5xf6 Bg7xf6
16.Na4c3 Ra8b8
17.Ra1b1 Bf6g7
18.f5 e5
19.fxe6 fxe6
20.Rf1xf8 Rb8xf8
21.Rb1f1 Rf8xf1
22.Qd3xf1 Bg7xc3
23.bxc3 Kg7
24.Qf1c4 d5
25.exd5 exd5
26.Qc4d4 Kh7
27.c4 Qc7f7
28.cxd5 cxd5
29.h4 h5
30.Qd4e5 a5
31.Qe5d4 Qf7d7
32.c4 Qd7a4
33.Qd4xd5 Qa4xa2
34.Qd5d7 Kh6
35.c5 Qa2a1
36.Kh2 Qa1e5
37.Kh1 Qe5xc5
38.Qd7d2 Kg7
39.Qd2d7 Kf6
40.Qd7d8 Ke6
41.Qd8g8 Kd7
42.Qg8xg6 Kc7
43.Qg6g5 Qc5xg5
44.hxg5 Kd6
{ abandon }0-1

[Event "Défi( 10J+24H/c 10J Max )"]
[Site "www.echecsemail.com"]
[Date "2026.02.04"]
[Round "1"]
[White "Mokanne"]
[Black "Titit1"]
[WhiteElo "1430"]
[BlackElo "1440"]
[Result "1-0"]
1.e4 Ng8f6
2.e5 Nf6d5
3.d4 Nb8c6
4.g3 e6
5.c3 d6
6.Ng1f3 Bf8e7
7.a3 O-O
8.Bf1b5 Nc6b8
9.Bb5c4 Nd5b6
10.Bc4d3 d5
11.Bc1d2 Nb8d7
12.Qd1c1 c5
13.O-O c4
14.Bd3c2 f6
15.Bc2d1 fxe5
16.dxe5 Qd8c7
17.Bd2f4 Qc7d8
18.Rf1e1 Nd7c5
19.Kg2 Nc5d3
20.Qc1d2 Nd3xe1
21.Nf3xe1 a5
22.Qd2d4 Nb6a4
23.Bd1xa4 Qd8c7
24.Ne1f3 b6
25.Bf4e3 Ra8b8
26.Ba4c2 b5
27.Qd4a7 Qc7xa7
28.Be3xa7 Rb8b7
29.Ba7d4 a4
30.Nb1d2 g6
31.Bc2d1 b4
32.cxb4 h6
33.Bd4c3 g5
34.Bd1c2 Rf8f7
35.Ra1f1 Bc8d7
36.Bc3d4 Rb7b8
37.Nf3g1 Rb8f8
38.Bc2d1 Bd7b5
39.Ng1f3 g4
40.Nf3e1 Be7g5
41.Bd4c5 Rf8c8
42.Bc5e3 Bg5xe3
43.fxe3 Rf7c7
44.Rf1f4 h5
45.Nd2b1 c3
46.bxc3 Bb5c4
47.Bd1xa4 Rc8a8
48.Ba4c2 Rc7c8
49.Ne1d3 Rc8f8
50.Nb1d2 Rf8xf4
51.Nd3xf4 Kf7
52.a4 Bc4a6
53.Bc2g6 Ke7
54.Nf4xh5 Ba6e2
55.a5 Ra8c8
56.Nh5f4 Be2a6
57.Nd2b1 Rc8c6
58.Bg6h5 Kd7
59.Bh5xg4 d4
60.Bg4xe6 Ke7
61.Nf4d5 Kxe6
62.e4 d3
63.Kf3 Ba6c4
64.Ke3 Bc4xd5
65.Nb1a3 Rc6xc3
66.Na3b5 Rc3b3
67.Nb5c7 Kxe5
68.exd5 Kd6
69.Nc7a6 Kxd5
70.b5 Kc4
71.b6 Rb3b5
72.Kd2 Rb5xa5
73.b7 Ra5b5
74.b8Q Rb5xb8
75.Na6xb8 Kd4
76.Nb8d7 Ke4
77.Nd7f6 Kd4
78.h4 Kc4
79.h5 Kd4
80.h6 Kc4
81.h7 Kd4
82.h8Q Kc4
83.Qh8d8 Kc5
84.Kxd3 { abandon }1-0

[Event "Défi( 10J+24H/c 10J Max )"]
[Site "www.echecsemail.com"]
[Date "2026.02.04"]
[Round "1"]
[White "Claudius94"]
[Black "Pourquoipas"]
[WhiteElo "1780"]
[BlackElo "1650"]
[Result "1-0"]
1.e4 e5
2.Ng1f3 Ng8f6
3.d3 Nb8c6
4.c3 Bf8c5
5.Nf3xe5 Bc5b6
6.Ne5xc6 dxc6
7.Bf1e2 h5
8.h3 Bc8e6
9.Nb1d2 g5
10.Nd2b3 g4
11.Bc1g5 Qd8e7
12.Bg5xf6 Qe7xf6
13.d4 O-O-O
14.Qd1d2 a6
15.O-O-O c5
16.e5 Qf6xf2
17.Be2f1 Qf2f5
18.Bf1d3 cxd4
19.Bd3xf5 Be6xf5
20.Qd2f4 Bf5e6
21.Nb3xd4 Rh8f8
22.Nd4xe6 fxe6
23.Rd1xd8 Rf8xd8
24.Rh1d1 Rd8e8
25.Kb1 Re8g8
26.Qf4f7 Rg8g5
27.Qf7e8 1-0

[Event "Défi"]
[Site "www.echecsemail.com"]
[Date "2026.02.04"]
[Round "1"]
[White "Tizi"]
[Black "Chekenblanc"]
[WhiteElo "1700"]
[BlackElo "2310"]
[Result "0-1"]
1.Nb1c3 d5
2.d4 Ng8f6
3.Bc1g5 Bc8f5
4.Bg5xf6 exf6
5.f3 Bf8b4
6.e4 dxe4
7.fxe4 Bf5xe4
8.Qd1e2 O-O
9.O-O-O Be4f5
10.Qe2f3 Qd8c8
11.h3 c6
12.Bf1c4 b5
13.Bc4b3 Nb8d7
14.Qf3xf5 a5
15.a3 Bb4d6
16.Nc3e4 Bd6c7
17.c3 Rf8e8
18.Bb3c2 Qc8d8
19.Ne4d6 g6
20.Qf5f4 Re8e6
21.Nd6xf7 Bc7xf4
22.Kb1 Kxf7
23.Ng1f3 Re6e2
24.Bc2d3 Re2e6
25.c4 Nd7b6
26.cxb5 Qd8d5
27.bxc6 Qd5xc6
28.h4 Nb6c4
29.d5 Nc4xa3
30.bxa3 Ra8b8
31.Ka1 Qc6c3
32.Ka2 Qc3b2
0-1

[Event "Défi"]
[Site "www.echecsemail.com"]
[Date "2026.02.04"]
[Round "1"]
[White "Gambitor"]
[Black "Mimie"]
[WhiteElo "1540"]
[BlackElo "1690"]
[Result "0-1"]
1.d4 c6
2.c4 d5
3.Nb1c3 Bc8f5
4.Bc1f4 Ng8f6
5.Ng1f3 e6
6.Bf4g5 Bf8e7
7.e3 Nf6e4
8.Bg5xe7 Qd8xe7
9.cxd5 exd5
10.Bf1d3 O-O
11.O-O Nb8d7
12.Qd1c2 Rf8e8
13.a3 Nd7f6
14.b4 Bf5g4
15.Nf3e5 Ra8c8
16.f3 Ne4xc3
17.Qc2xc3 Bg4h5
18.Ra1b1 b6
19.Kh1 Qe7e6
20.Bd3a6 Rc8c7
21.b5 c5
22.dxc5 Rc7xc5
23.Qc3d3 Qe6xe5
24.f4 Qe5xe3
25.Qd3c2 Rc5xc2
{ abandon }0-1

[Event "Tournoi n27365"]
[Site "www.echecsemail.com"]
[Date "2026.02.04"]
[Round "1"]
[White "Jyfsk"]
[Black "Tartu"]
[WhiteElo "1790"]
[BlackElo "1750"]
[Result "1-0"]
1.e4 c6
2.d4 d5
3.exd5 cxd5
4.Bf1d3 Ng8f6
5.Ng1f3 e6
6.O-O Nb8c6
7.Bd3b5 Bc8d7
8.Bb5xc6 Bd7xc6
9.Bc1g5 Bf8e7
10.Nb1c3 O-O
11.Qd1d2 h6
12.Bg5xf6 Be7xf6
13.Rf1e1 Rf8e8
14.a3 a6
15.Nc3e2 Ra8c8
16.Ne2g3 Bc6d7
17.b3 b5
18.Nf3e5 Rc8c7
19.Ng3h5 Bf6xe5
20.Re1xe5 f6
21.Re5e3 e5
22.dxe5 fxe5
23.Qd2xd5 Kh8
24.Re3xe5 Re8xe5
25.Qd5xe5 Bd7g4
26.Nh5g3 Rc7e7
27.Qe5f4 Bg4c8
28.Kf1 Qd8d7
29.Ra1c1 Re7f7
30.Qf4e3 Rf7e7
31.Qe3d3 Bc8b7
32.Qd3xd7 Re7xd7
33.Ng3f5 Rd7d5
34.g4 h5
35.h3 hxg4
36.hxg4 g6
37.Nf5e3 Rd5d2
38.b4 Bb7e4
39.Ke1 Rd2d6
40.Ke2 Kg7
41.f3 Be4b7
42.c4 bxc4
43.Rc1xc4 Rd6d7
44.a4 Kf6
45.b5 axb5
46.axb5 Ke6
47.f4 Bb7h1
48.f5 gxf5
49.gxf5 Kf6
50.b6 Rd7e7
51.Rc4c7 Re7xc7
52.bxc7 Bh1b7
53.Kd3 Ke5
54.Kc4 Ke4
55.f6 Bb7c8
56.f7 Bc8e6
57.Kc5 Kxe3
58.f8Q { abandon }1-0

[Event "Défi"]
[Site "www.echecsemail.com"]
[Date "2026.02.04"]
[Round "1"]
[White "Marcol"]
[Black "Di67"]
[WhiteElo "1040"]
[BlackElo "1370"]
[Result "0-1"]
1.e4 e5
2.Bf1b5 Ng8f6
3.Ng1f3 c6
4.Nf3xe5 cxb5
5.Qd1e2 a6
6.g4 Bf8c5
7.d3 O-O
8.g5 Qd8e7
9.gxf6 Qe7xf6
10.Ne5g4 Qf6h4
11.Kd2 d6
12.a4 Bc5b4
13.Ke3 Qh4g5
14.Kd4 Nb8c6
0-1

[Event "Tournoi n27436"]
[Site "www.echecsemail.com"]
[Date "2026.02.04"]
[Round "1"]
[White "Geantvert"]
[Black "Verson"]
[WhiteElo "1870"]
[BlackElo "1800"]
[Result "0-1"]
1.c4 Ng8f6
2.Nb1c3 e6
3.g3 d5
4.cxd5 exd5
5.d4 c6
6.Bf1g2 Bf8d6
7.b3 O-O
8.Ng1f3 Bc8f5
9.O-O Nf6e4
10.Nc3xe4 Bf5xe4
11.Nf3d2 Be4xg2
12.Kxg2 Nb8d7
13.Nd2f3 h6
14.Nf3h4 Rf8e8
15.Nh4f5 Nd7f6
16.Nf5xd6 Qd8xd6
17.Bc1f4 Qd6e6
18.Rf1e1 Nf6e4
19.Qd1d3 Ne4f6
20.Bf4e5 Nf6g4
21.Be5f4 Qe6e4
22.Qd3xe4 dxe4
23.e3 Ng4f6
24.Bf4d6 Ra8d8
25.Bd6a3 Nf6d5
26.Ra1c1 Re8e6
27.Rc1c2 f5
28.Rc2c4 Nd5b6
29.Rc4c5 Rd8d5
30.Re1c1 Rd5xc5
31.Rc1xc5 g6
32.Rc5c1 Nb6d5
33.Ba3c5 b6
34.Bc5a3 Kf7
35.Kf1 Ke8
36.Ke2 Kd7
37.Rc1c4 g5
38.h3 h5
39.Ba3b2 b5
40.Rc4c1 f4
41.a3 a5
42.Rc1c2 fxg3
43.fxg3 Re6f6
44.Bb2c1 Rf6f3
45.a4 Rf3xg3
46.axb5 Rg3g2
{ abandon }0-1

[Event "Tournoi n27435"]
[Site "www.echecsemail.com"]
[Date "2026.02.04"]
[Round "1"]
[White "Wenoketo"]
[Black "Verson"]
[WhiteElo "1730"]
[BlackElo "1810"]
[Result "1-0"]
1.d4 d5
2.Ng1f3 Ng8f6
3.Bc1f4 e6
4.h3 Bf8d6
5.Bf4xd6 Qd8xd6
6.Nb1d2 O-O
7.e3 c5
8.dxc5 Nb8c6
9.cxd6 { abandon }1-0

[Event "Tournoi n27432"]
[Site "www.echecsemail.com"]
[Date "2026.02.04"]
[Round "1"]
[White "Geantvert"]
[Black "Jajaf1959"]
[WhiteElo "1860"]
[BlackElo "1930"]
[Result "1-0"]
1.c4 Ng8f6
2.Nb1c3 g6
3.d4 Bf8g7
4.e4 d6
5.f4 O-O
6.Ng1f3 Bc8g4
7.Bf1e2 Nb8d7
8.h3 Bg4xf3
9.Be2xf3 Ra8b8
10.g4 e5
11.fxe5 dxe5
12.d5 Nf6e8
13.h4 Ne8d6
14.Qd1e2 Nd7b6
15.b3 a5
16.h5 Bg7f6
17.hxg6 fxg6
18.Qe2h2 Rf8f7
19.Qh2h6 Qd8e7
20.g5 Bf6g7
21.Qh6xh7 Kf8
22.Ke2 Bg7f6
23.gxf6 Qe7xf6
24.Qh7h8 Ke7
25.Qh8xf6 Kxf6
26.Bc1e3 Rb8f8
27.Ra1f1 Ke7
28.Be3g5 Ke8
29.Bf3g4 Rf7xf1
30.Rh1xf1 Rf8h8
31.Bg4f3 Rh8h2
32.Rf1f2 Rh2h5
33.Bg5e3 Rh5h8
34.Rf2f1 Rh8h2
35.Be3f2 Nd6f7
36.Rf1h1 Rh2xh1
37.Bf3xh1 g5
38.Nc3b5 Kd8
39.Bf2xb6 cxb6
40.Kf3 Kd7
41.Kg4 Ke7
42.Kf5 Nf7d6
43.Nb5xd6 Kxd6
44.Kxg5 Kc5
45.Kf5 Kd6
46.Kf6 Kc7
47.Ke7 { abandon }1-0

[Event "Jean 8"]
[Site "www.echecsemail.com"]
[Date "2026.02.04"]
[Round "1"]
[White "Intrigue"]
[Black "Orosco"]
[WhiteElo "1720"]
[BlackElo "2220"]
[Result "0-1"]
1.f4 d5
2.Ng1f3 Ng8f6
3.d3 g6
4.Nb1c3 c5
5.e3 Nb8c6
6.Bf1e2 Bf8g7
7.O-O O-O
8.a3 d4
9.exd4 Nc6xd4
10.Nf3xd4 cxd4
11.Nc3e4 Nf6d5
12.c4 dxc3
13.bxc3 Qd8b6
14.d4 Bc8f5
15.Ne4c5 Nd5xc3
16.Qd1d2 Bg7xd4
17.Kh1 Nc3xe2
18.Nc5a4 Qb6b5
19.Na4b2 Ne2g3
20.hxg3 Qb5xf1
{ abandon }0-1

[Event "Eq:Pirates du Mat-Vikings :"]
[Site "www.echecsemail.com"]
[Date "2026.02.04"]
[Round "1"]
[White "Viv59"]
[Black "Xhouks"]
[WhiteElo "2290"]
[BlackElo "2230"]
[Result "0-1"]
1.d4 d5
2.Ng1f3 e6
3.g3 c5
4.Bf1g2 Nb8c6
5.O-O Ng8f6
6.a3 Bc8d7
7.dxc5 Bf8xc5
8.b4 Bc5b6
9.Bc1b2 a6
10.c4 dxc4
11.Nb1d2 O-O
12.Nd2xc4 Bb6c7
13.Qd1b3 Qd8e7
14.Ra1d1 Ra8d8
15.Qb3c3 Nf6e8
16.h4 f6
17.Rd1d2 e5
18.Rf1d1 Bd7e6
19.Rd2xd8 Bc7xd8
20.Kh2 Qe7f7
21.Nf3d2 Nc6d4
22.Bg2xb7 Qf7xb7
23.Nd2f1 Qb7e4
24.Nf1e3 Nd4xe2
25.Qc3e1 Ne2d4
26.Nc4d2 Qe4a8
27.Bb2xd4 exd4
28.Ne3c2 Be6g4
29.f3 Bg4xf3
30.Qe1e6 Kh8
31.Rd1e1 Bf3d5
32.Qe6g4 Qa8b7
33.Nc2xd4 f5
34.Qg4e2 Ne8f6
35.Nd4xf5 Rf8e8
36.Qe2xe8 Nf6xe8
37.Re1xe8 Bd5g8
38.Re8xd8 Qb7b6
39.Rd8xg8 Kxg8
40.Nd2e4 Qb6e6
41.Nf5d6 Qe6a2
42.Kh3 Qa2xa3
43.b5 a5
44.b6 Qa3b4
45.b7 a4
{ abandon }0-1

[Event "Défi"]
[Site "www.echecsemail.com"]
[Date "2026.02.04"]
[Round "1"]
[White "Voyageur"]
[Black "Patrick"]
[WhiteElo "1600"]
[BlackElo "1550"]
[Result "1-0"]
1.d4 d5
2.c4 e6
3.e3 Ng8f6
4.Ng1f3 b6
5.cxd5 Qd8xd5
6.Nb1c3 Bf8b4
7.Qd1a4 Qd5c6
8.Qa4xb4 a5
9.Qb4b3 O-O
10.Bf1b5 Qc6d6
11.O-O c6
12.Bb5e2 Nf6g4
13.h3 Ng4h6
14.Qb3xb6 Nb8d7
15.Qb6b3 c5
16.Qb3c2 f5
17.Nc3b5 Qd6d5
18.Nb5c7 Qd5c6
19.Nc7xa8 Qc6xa8
20.Bc1d2 Qa8d5
21.Bd2xa5 cxd4
22.Ba5b4 Rf8e8
23.Nf3xd4 Bc8b7
24.Be2f3 Qd5e5
25.Bf3xb7 Re8b8
26.Bb7c6 Rb8c8
27.Bb4c3 Nd7f6
28.Bc6f3 g6
29.Qc2b3 Rc8e8
30.Bf3c6 Re8e7
31.Bc6a4 Kg7
32.Nd4c6 Qe5d6
33.Nc6xe7 Qd6xe7
34.Rf1d1 g5
35.Rd1d7 Qe7xd7
36.Ba4xd7 Kg6
37.Bc3xf6 Kxf6
38.Qb3c3 e5
39.Qc3c6 Kg7
40.Ra1d1 Nh6f7
41.Bd7xf5 { abandon }1-0